[Event "Liljevatnet BGP U14"]
[Site "Liljevatnet"]
[Date "2016.09.24"]
[Round "3"]
[White "Iversen, Henrik"]
[Black "Glesnes, Sander"]
[Result "1-0"]
[WhiteElo "970"]
[BlackElo "810"]
[PlyCount "109"]
[EventDate "2016.09.23"]
[EventType "swiss"]
[EventRounds "5"]
[EventCountry "NOR"]
[SourceTitle "EXT 2024"]
[Source "ChessBase"]
[SourceDate "2023.10.10"]
[SourceVersion "1"]
[SourceVersionDate "2023.10.10"]
[SourceQuality "1"]

1. c4 e5 2. g3 Nc6 3. Bg2 Nf6 4. e3 a6 5. Nc3 Bb4 6. Nge2 0-0 7. 0-0 d6 8. a3 Bxc3 9. Nxc3 Bf5 10. d4 exd4 11. exd4 Re8 12. Bg5 h6 13. Bf4 Rb8 14. b4 Qd7 15. Qd2 Kh7 16. Rfe1 b5 17. Rxe8 Nxe8 18. c5 dxc5 19. dxc5 Qxd2 20. Bxd2 Rd8 21. Bxc6 Rxd2 22. Bxe8 Kg8 23. Nd1 Rd6 24. cxd6 Kf8 25. d7 Ke7 26. Ne3 Bxd7 27. Bxd7 Kxd7 28. Rc1 c6 29. f4 Kd6 30. Kf2 f6 31. Kf3 g6 32. Ng4 f5 33. Ne5 g5 34. Rxc6+ Kd5 35. Rxh6 g4+ 36. Nxg4 fxg4+ 37. Kxg4 Kc4 38. Re6 Kd5 39. Rxa6 Ke4 40. Ra5 Kd4 41. h4 Kc4 42. Rxb5 Kxb5 43. h5 Ka4 44. h6 Kxa3 45. h7 Kxb4 46. h8Q Kc5 47. Qd8 Kc6 48. Kf5 Kc5 49. Ke5 Kc4 50. Qd5+ Kc3 51. Qe4 Kb3 52. Qd4 Ka2 53. Qb4 Ka1 54. Kd4 Ka2 55. Kc3 1-0